| 000 | 00663cab a2200241 4500 | ||
|---|---|---|---|
| 001 | ABS54662 | ||
| 008 | 090401t1996 xxu||||| |||| 00| 0 eng d | ||
| 035 | _a(Sirsi) u11594 | ||
| 041 | _aeng | ||
| 100 | _aHood, P. | ||
| 245 | _aCold comfort for lime in Winter | ||
| 260 | _c1996 | ||
| 350 | _a0 | ||
| 490 |
_aContext _v(49) March 1996, 20-21(2) |
||
| 520 | _aInvestigates why lime renders and lime mortars should not be applied during the Winter months. | ||
| 650 | _aLIME MORTARS | ||
| 650 | _aLIME RENDERS | ||
| 650 | _aRENDERING | ||
| 690 | _aBUILT ENVIRONMENT-BUILDING MATERIALS | ||
| 690 | _aCONSERVATION | ||
| 942 | _n0 | ||
| 948 | _c04/03/1997 | ||
| 999 |
_c7395 _d7395 |
||